| Tag |
First Indicator |
Second Indicator |
Subfields |
| LEADER |
00000pam a2200000 i 4500 |
| 001 |
in00000024160 |
| 005 |
20151007061034.0 |
| 008 |
790725s1980 nyua b 00110 eng b |
| 010 |
|
|
|a 79018427
|
| 020 |
|
|
|a 0070050163
|
| 035 |
|
|
|a (OCoLC)05264575
|
| 035 |
|
|
|9 AAD0910AM
|
| 040 |
|
|
|a DLC
|c DLC
|d TXA
|d UtOrBLW
|
| 049 |
|
|
|a TXAM
|c [1160419]
|
| 050 |
0 |
0 |
|a RC467
|b .B47
|
| 060 |
|
0 |
|a WM105 B531i
|
| 082 |
0 |
|
|a 157/.9
|
| 100 |
1 |
|
|a Bernstein, Douglas A.
|
| 245 |
1 |
0 |
|a Introduction to clinical psychology /
|c Douglas A. Bernstein, Michael T. Nietzel.
|
| 264 |
|
1 |
|a New York :
|b McGraw-Hill,
|c [1980]
|
| 264 |
|
4 |
|c ©1980
|
| 300 |
|
|
|a xvii, 604 pages :
|b illustrations ;
|c 24 cm.
|
| 336 |
|
|
|a text
|b txt
|2 rdacontent
|
| 337 |
|
|
|a unmediated
|b n
|2 rdamedia
|
| 338 |
|
|
|a volume
|b nc
|2 rdacarrier
|
| 490 |
1 |
|
|a McGraw-Hill series in psychology
|
| 500 |
|
|
|a Includes indexes.
|
| 504 |
|
|
|a Bibliography: pages [521]-579.
|
| 650 |
|
0 |
|a Clinical psychology.
|
| 650 |
|
0 |
|a Psychotherapy.
|
| 650 |
|
0 |
|a Personality assessment.
|
| 700 |
1 |
|
|a Nietzel, Michael T.
|
| 830 |
|
0 |
|a McGraw-Hill series in psychology.
|
| 999 |
|
|
|a MARS
|
| 999 |
f |
f |
|s f1054f33-eb2b-3886-8fb8-eff7e24a289b
|i 3f357ef5-9eef-3341-9253-e4256a63b83e
|t 0
|
| 952 |
f |
f |
|p ric
|a Texas A&M University
|b Rellis Campus
|c Joint Library Facility
|d Remote Storage
|t 0
|e RC467 .B47
|h Library of Congress classification
|i unmediated -- volume
|m A14805108046
|
| 998 |
f |
f |
|a RC467 .B47
|t 0
|l Remote Storage
|